000 00516nam a2200181Ia 4500
008 100920s9999 xx 000 0 und d
082 _b85673
_a--- न 03
100 _aकाकडे द. स.
245 _aगुलाम.
260 _bपायल पब्लिकेशन, पुणे.
_c2003
300 _a232
_bसाधी
365 _b190
520 _aकादंबरी.
630 _aगुलाम.
650 _aकादंबरी.
730 _aगुलाम.
942 _cBOOK
999 _c726185
_d726182